000 00501nam a2200181Ia 4500
008 140321s9999 xx 000 0 und d
020 _a9789814369725
050 _aQD 33
_b.J64 2012
100 _aJoesten, Melvin
245 _aIntroduction of chemistry /
_cMelvin Joesten and John Hogg.
260 _aPhilippines :
_bCengage Learning,
_cc2012.
300 _a548 p. :
_bill. ;
_c28 cm.
500 _aIncludes index.
521 _aGE
650 _aChemistry.
942 _kLOC
_cBK
999 _c48495
_d48495